[Event "AUTO-OPEN-4646"]
[Site "http://www.queenalice.com/game.php?id=1871412"]
[Date "2026.4.4"]
[Round "1"]
[White "EduardoRo"]
[Black "Pin"]
[Result "0-1"]
[WhiteElo "1695"]
[BlackElo "2135"]

1. e4 c5 2. Nf3 d6 3. Bc4 Nc6 4. O-O e6 5. c3 Nf6 6. d3 Be7 7. Bf4 O-O 8. Nbd2
Bd7 9. d4 cxd4 10. cxd4 a6 11. b3 Rc8 12. Bd3 Nb4 13. Qe2 Nxd3 14. Qxd3 Nh5 15.
Be3 d5 16. e5 g6 17. a4 Ng7 18. Bh6 Nf5 19. Bxf8 Bxf8 20. Rfc1 Rxc1+ 21. Rxc1
Qb6 22. g4 Ne7 23. Ng5 Nc6 24. Ndf3 Ba3 25. Rc2 Kg7 26. h4 Nb4 27. Qc3 Nxc2 28.
Qxc2 Be7 29. Kg2 h6 30. Nh3 Qc6 31. Qxc6 bxc6 32. Nhg1 a5 33. Ne2 c5 34. Kg3 c4
35. bxc4 dxc4 36. Nc3 Bb4 37. Nb5 c3 38. Ne1 Bc6 39. Nd6 Bxa4 40. Nd3 c2 41. Ne4
Bb5 42. Nxb4 axb4 43. Nd6 Ba4 44. h5 gxh5 45. gxh5 c1=Q 0-1

[Event "AUTO-OPEN-4646"]
[Site "http://www.queenalice.com/game.php?id=1871413"]
[Date "2026.4.4"]
[Round "1"]
[White "Pin"]
[Black "EduardoRo"]
[Result "1-0"]
[WhiteElo "2096"]
[BlackElo "1701"]

1. d4 d5 2. Nf3 Bf5 3. e3 e6 4. c4 Nc6 5. a3 Nf6 6. Nc3 Bd6 7. Be2 O-O 8. O-O
dxc4 9. Bxc4 Ng4 10. e4 Bg6 11. h3 Nf6 12. e5 Nxe5 13. dxe5 Bxe5 14. Nxe5 Qxd1
15. Rxd1 Ne4 16. Nxe4 Bxe4 17. Be3 c6 18. Bc5 Rfe8 19. f3 Bf5 20. Rd7 b6 21. Bf2
b5 22. Ba2 a5 23. Rad1 c5 24. Rxf7 c4 25. Rdd7 Rad8 26. Rxg7+ 1-0

[Event "AUTO-OPEN-4647"]
[Site "http://www.queenalice.com/game.php?id=1871650"]
[Date "2026.4.8"]
[Round "1"]
[White "EduardoRo"]
[Black "Pin"]
[Result "1-0"]
[WhiteElo "1665"]
[BlackElo "2145"]

1. e4 c5 2. Nf3 d6 3. Bc4 Nc6 4. O-O e5 5. d3 h6 6. Be3 Nf6 7. Nc3 Be7 8. Bb5
O-O 9. Nd5 Nxd5 10. exd5 Nd4 11. Bxd4 cxd4 12. c4 a6 13. Ba4 f5 14. b4 Bf6 15.
c5 dxc5 16. bxc5 Qxd5 17. Bb3 Qxb3 18. Qxb3+ Kh7 19. Qb4 Rb8 20. c6 Be6 21. c7
Rbc8 22. Qxb7 a5 23. Rfe1 Rf7 24. Rec1 e4 25. dxe4 d3 26. e5 d2 27. Rc6 Bd5 28.
Qxc8 Bxc6 29. exf6 Bxf3 30. gxf3 Rxf6 31. Qd7 1-0

[Event "AUTO-OPEN-4647"]
[Site "http://www.queenalice.com/game.php?id=1871651"]
[Date "2026.4.8"]
[Round "1"]
[White "Pin"]
[Black "EduardoRo"]
[Result "1-0"]
[WhiteElo "2162"]
[BlackElo "1672"]

1. e4 e5 2. Ne2 Nf6 3. f4 exf4 4. Nxf4 Bc5 5. d4 Bb4+ 6. c3 Ba5 7. e5 Ne4 8. g3
O-O 9. Bg2 Ng5 10. O-O d6 11. Nd3 Bf5 12. Rxf5 Ne6 13. Na3 dxe5 14. Nxe5 Nd7 15.
Nac4 b6 16. Nc6 Qe8 17. b4 Bxb4 18. cxb4 Nd8 19. N4e5 Nxe5 20. Ne7+ Qxe7 21.
Rxe5 Qxb4 22. Bxa8 Ne6 23. Bg2 Nxd4 24. a4 Rd8 25. Ba3 Qc4 26. Re4 f5 27. Rc1
Qb3 28. Qxb3+ Nxb3 29. Rec4 c5 30. Re1 Nd2 31. Rc2 a5 32. Kf2 g5 33. Re2 Ne4+
34. Bxe4 fxe4 35. Rxe4 h6 36. Rce2 Rf8+ 37. Kg2 Kg7 38. Bb2+ Kg6 39. g4 Rf4 40.
Re6+ Kh7 41. Re7+ Kg8 42. Re8+ Kf7 43. R2e7+ Kg6 44. Rg7# 1-0

[Event "AUTO-OPEN-4647"]
[Site "http://www.queenalice.com/game.php?id=1871686"]
[Date "2026.4.8"]
[Round "1"]
[White "Pin"]
[Black "game"]
[Result "1-0"]
[WhiteElo "2097"]
[BlackElo "1630"]

1. e4 c5 2. Nf3 Nc6 3. Bb5 Qa5 4. Nc3 e5 5. Bxc6 bxc6 6. Nxe5 c4 7. Nxc4 Qg5 8.
Qf3 Bb7 9. d3 Qg6 10. Bf4 Nf6 11. Bd6 a5 12. O-O-O Be7 13. Qf4 Nd5 14. exd5 Bg5
15. Rhe1+ Kd8 16. Bc7+ Kc8 17. Nb6# 1-0

[Event "AUTO-OPEN-4647"]
[Site "http://www.queenalice.com/game.php?id=1871687"]
[Date "2026.4.8"]
[Round "1"]
[White "game"]
[Black "Pin"]
[Result "0-1"]
[WhiteElo "1611"]
[BlackElo "2094"]

1. e4 c5 2. Nf3 d6 3. Bc4 Nc6 4. d3 Nf6 5. O-O Bg4 6. Qe1 e5 7. Ng5 Bh5 8. d4
Nxd4 9. Qd2 h6 10. Nxf7 Bxf7 11. b3 Bxc4 12. bxc4 Nxe4 13. Qd1 Be7 14. Qg4 Ng5
15. Na3 O-O 16. f4 exf4 17. Rxf4 Rxf4 18. Bxf4 Bf6 19. Nb5 Nxb5 20. Rd1 Bd4+ 21.
Kh1 Nc3 22. Rf1 Nce4 23. h4 Nf7 24. Qf3 Qxh4+ 25. Bh2 Nfg5 26. Qe2 Ng3# 0-1

[Event "AUTO-ADV-4903"]
[Site "http://www.queenalice.com/game.php?id=1871780"]
[Date "2026.4.10"]
[Round "2"]
[White "SGF"]
[Black "Pin"]
[Result "0-1"]
[WhiteElo "1664"]
[BlackElo "2159"]

1. e4 c5 2. Qf3 Nc6 3. c3 e5 4. Bc4 Nf6 5. d3 Be7 6. Qg3 O-O 7. Bh6 Ne8 8. h4
Kh8 9. Bxg7+ Nxg7 10. h5 Ne6 11. h6 Rg8 12. Qf3 Ng5 13. Qg3 a6 14. a4 d6 15. Nd2
Be6 16. Bxe6 Nxe6 17. Qf3 f6 18. Nc4 b5 19. axb5 axb5 20. Rxa8 Qxa8 21. Na3 b4
22. cxb4 cxb4 23. Nb1 Qa1 24. Qd1 Qxb2 25. g3 Ncd4 26. Ne2 Nf3+ 27. Kf1 Ned4 28.
Nxd4 Nxd4 29. Nd2 f5 30. exf5 Bg5 31. Ne4 Be7 32. f6 Bf8 33. f7 Rg6 34. Qa4 Qe2+
35. Kg2 Qf3+ 36. Kf1 Qxh1# 0-1

[Event "AUTO-ADV-4903"]
[Site "http://www.queenalice.com/game.php?id=1871781"]
[Date "2026.4.10"]
[Round "2"]
[White "Pin"]
[Black "SGF"]
[Result "1-0"]
[WhiteElo "2163"]
[BlackElo "1646"]

1. e4 e5 2. Ne2 Qf6 3. Nbc3 c6 4. d4 d6 5. Be3 Be7 6. Qd2 Qg6 7. O-O-O b5 8. d5
Bb7 9. f3 Bc8 10. dxc6 Nxc6 11. Nxb5 Kd8 12. Nec3 Ba6 13. Nxd6 Bxd6 14. Qxd6+
Qxd6 15. Rxd6+ Kc7 16. Rxc6+ Kxc6 17. Bxa6 Nf6 18. Bc4 Rhf8 19. Nd5 Rac8 20.
Ne7+ Kd7 21. Nxc8 Kxc8 22. Rd1 Kb7 23. g4 a5 24. g5 Nh5 25. Rd7+ Kc6 26. Rxf7
Rxf7 27. Bxf7 Kd6 28. Bxh5 g6 29. Bg4 Ke7 30. h4 a4 31. Bc5+ Kf7 32. Kd2 Kg7 33.
Kc3 h6 34. Kc4 Kf7 35. Kd5 h5 36. Be6+ Kg7 37. Kxe5 Kh8 38. Kf6 Kh7 39. Bf7 a3
40. Bxg6+ Kg8 41. Bf7+ Kh7 42. g6+ Kh8 43. Bf8 axb2 44. Bg7# 1-0